Normal view
MARC view
- CERAMIC MATERIALS - MECHANICAL PROPERTIES ELASTIC BEHAVIOR OF ISOTROPIC MATERIALS PLASTIC DEFORMATION CREEP DEFORMATION
Entry Topical Term
001 - CONTROL NUMBER
- control field: 76612
003 - CONTROL NUMBER IDENTIFIER
- control field: NUST
005 - DATE AND TIME OF LATEST TRANSACTION
- control field: 20210628205658.0
008 - FIXED-LENGTH DATA ELEMENTS
- fixed length control field: 210628|| aca||aabn | a|a d
040 ## - CATALOGING SOURCE
- Original cataloging agency: NUST
- Transcribing agency: NUST
150 ## - HEADING--TOPICAL TERM
- Topical term or geographic name entry element: CERAMIC MATERIALS - MECHANICAL PROPERTIES ELASTIC BEHAVIOR OF ISOTROPIC MATERIALS PLASTIC DEFORMATION CREEP DEFORMATION
670 ## - SOURCE DATA FOUND
- Source citation: Work cat.: (NUST): Green, David J 76611, An introduction to the mechanical properties of ceramics, 1998
